000 00385cam a22001217a 4500
008 180718b1982 xxu||||| |||| 00| 0 eng d
082 _aA81x54 In2/71/21/Pt 1 A
100 _aCensus of India 1971
245 _aUttar Pradesh: general report
260 _aDelhi
_bThe Manager of Publications
_c1982
300 _a441+p.
440 _aCensus of India 1971. Volume 21, Uttar Pradesh. Part I-A
999 _c485718
_d485718